000 00299nam a22001217a 4500
020 _a0072253703
082 _222
_a005.133
100 _aKent, Jeff,
245 _aC++ demystified /
260 _aNew York,
_bMcGraw Hill / Osbore,
_cc2004.
300 _axviii, 348p. ;
_bill. ;
_c23 cm.
942 _2ddc
_cIT
999 _c2096
_d2096